Padayon : (Record no. 10319)

MARC details
000 -LEADER
fixed length control field 00712nam a22002057a 4500
003 - CONTROL NUMBER IDENTIFIER
control field OSt
005 - DATE AND TIME OF LATEST TRANSACTION
control field 20260508020330.0
008 - FIXED-LENGTH DATA ELEMENTS--GENERAL INFORMATION
fixed length control field 260508b |||||||| |||| 00| 0 eng d
020 ## - INTERNATIONAL STANDARD BOOK NUMBER
International Standard Book Number 9789710636129
040 ## - CATALOGING SOURCE
Original cataloging agency DWCL Main Lib.
Transcribing agency OC
082 ## - DEWEY DECIMAL CLASSIFICATION NUMBER
Classification number Fil. 499.211 M113p 2015
100 ## - MAIN ENTRY--PERSONAL NAME
Personal name Mactal, Ronaldo B.
Relator term Author
245 ## - TITLE STATEMENT
Title Padayon :
Remainder of title araling panlipunan sa siglo 21 (kasaysayan ng daigdig) /
Statement of responsibility, etc. Ronaldo B. Mactal
250 ## - EDITION STATEMENT
Edition statement Ikalawang edisyon.
260 ## - PUBLICATION, DISTRIBUTION, ETC.
Place of publication, distribution, etc. Quezon City, Philippines :
Name of publisher, distributor, etc. Phoenix Publishing House,
Date of publication, distribution, etc. c2015.
300 ## - PHYSICAL DESCRIPTION
Extent x, 1010 pages :
Other physical details illustrations ;
Dimensions 26cm.
Accompanying material + 4 CD 4 3/4
504 ## - BIBLIOGRAPHY, ETC. NOTE
Bibliography, etc. note Includes index.
650 ## - SUBJECT ADDED ENTRY--TOPICAL TERM
Topical term or geographic name entry element 1. Social Studies--Study and Teaching.
942 ## - ADDED ENTRY ELEMENTS (KOHA)
Source of classification or shelving scheme Dewey Decimal Classification
Koha item type Book-Filipiniana
Suppress in OPAC No
952 ## - LOCATION AND ITEM INFORMATION (KOHA)
--
952 ## - LOCATION AND ITEM INFORMATION (KOHA)
--
Holdings
Withdrawn status Lost status Source of classification or shelving scheme Damaged status Not for loan Home library Current library Shelving location Date acquired Source of acquisition Total Checkouts Full call number Barcode Date last seen Copy number Price effective from Koha item type Uniform Resource Identifier
    Dewey Decimal Classification     Junior High School Library Junior High School Library Filipiniana 01/14/2017 Evaluation copy   Fil. 499.211 M113p 2015 JHS - 19107 05/08/2026 c1 05/08/2026 BK - FIL
    Dewey Decimal Classification     Junior High School Library Junior High School Library Filipiniana 01/14/2017 Evaluation copy   Fil. 499.211 M113p 2015 JHS - 19108 05/08/2026 c2 05/08/2026 BK - FIL